000 00697nmm a2200253 a 4500
003 AR-BaBNM
005 20251128210350.0
008 290020s1999 ||||||||||||||000 | spa||
020 _a950-05-1241-6
040 _cAR-BaBNM
100 1 _aAnderson Imbert, Enrique
245 1 0 _aObras completas
_bcuentos. 6 ; ¡Y pensar que hace diez años! ; El reloj de arena
260 _aBuenos Aires
_bEdiciones Corregidor
_c1999
300 _a461 p.
650 4 _aLITERATURA ARGENTINA
650 4 _aANTOLOGIAS
650 4 _aLITERATURA DE FICCION
650 4 _aESCRITORES
650 4 _aLITERATURA CONTEMPORANEA
653 _aNARRATIVA
655 _aLITERATURA
942 _cBK
998 _cMARTIN
999 _c15159
_d15159